[Event "Blackpool op 47th"]
[Site "Blackpool"]
[Date "2024.02.10"]
[Round "3"]
[White "Milson, Samuel"]
[Black "Williamson, Roger G"]
[Result "0-1"]
[WhiteElo "2066"]
[BlackElo "2151"]
[PlyCount "119"]
[EventDate "2024.02.09"]
[EventType "swiss"]
[EventRounds "5"]
[EventCountry "ENG"]
[SourceTitle "CB07_2024"]
[SourceDate "2024.02.14"]
[SourceVersion "1"]
[SourceVersionDate "2024.02.14"]
[SourceQuality "1"]

1. e4 e6 2. d4 d5 3. Nc3 Nf6 4. e5 Nfd7 5. f4 c5 6. Nf3 Nc6 7. Ne2 b5 8. c3 Qb6 9. Be3 b4 10. g3 Be7 11. Bh3 g6 12. 0-0 Bb7 13. dxc5 Bxc5 14. Ned4 bxc3 15. bxc3 Qa5 16. Qd2 Nxd4 17. Nxd4 Ba6 18. Rfe1 Rc8 19. Kh1 Be7 20. Rac1 Qa4 21. Bg4 Nc5 22. Bd1 Qa3 23. Bc2 Ne4 24. Bxe4 dxe4 25. Qc2 Bd3 26. Qb3 Qa6 27. a4 0-0 28. Nb5 Qb7 29. Qa2 Bc4 30. Qg2 Rfd8 31. g4 Rd3 32. f5 Rcd8 33. f6 Bf8 34. Nd6 R8xd6 35. exd6 Qd5 36. Qf2 Bxd6 37. Kg1 h5 38. gxh5 Qxh5 39. Kh1 Be5 40. Rb1 Bd5 41. c4 Bxc4 42. Rbc1 Bd5 43. Rc8+ Kh7 44. Rf8 g5 45. Qe2 Qxe2 46. Rxe2 Kg6 47. Rg8+ Kxf6 48. Bxg5+ Kf5 49. Rf2+ Rf3 50. Kg2 Bd4 51. Rd2 Be5 52. Bh4 f6 53. Bf2 e3 54. Bxe3 Rxe3+ 55. Kf2 Rf3+ 56. Ke2 Rf4 57. Rg7 Bc4+ 58. Kd1 Bb3+ 59. Ke2 a5 60. Rg3 0-1

[Event "Newcastle under Lyme"]
[Site "Newcastle under Lyme"]
[Date "2023.08.12"]
[Round "7"]
[White "Okhai, Shabir"]
[Black "Williamson, Roger G"]
[Result "0-1"]
[WhiteElo "2135"]
[BlackElo "2177"]
[PlyCount "64"]
[EventDate "2023.08.09"]
[EventType "tourn"]
[EventRounds "9"]
[EventCountry "ENG"]
[SourceTitle "CBM 215 Extra"]
[Source "ChessBase"]
[SourceDate "2023.09.30"]
[SourceVersion "1"]
[SourceVersionDate "2023.09.30"]
[SourceQuality "1"]

1. e4 e6 2. d4 d5 3. Nc3 Nf6 4. e5 Nfd7 5. f4 c5 6. Nf3 Nc6 7. Be3 a6 8. Qd2 b5 9. dxc5 Bxc5 10. Bd3 0-0 11. Bxh7+ Kxh7 12. Ng5+ Kg8 13. Qd3 Qxg5 14. fxg5 Nb4 15. Qe2 Bxe3 16. a3 Nxc2+ 17. Qxc2 Bxg5 18. h4 Bh6 19. g4 Bf4 20. Ne2 Bxe5 21. Rd1 Bb7 22. Nd4 Rac8 23. Qe2 Bg3+ 24. Kf1 Bb8 25. Kg2 e5 26. Nf5 Rfe8 27. Qd2 Nf8 28. Qg5 Ne6 29. Qd2 d4+ 30. Kh3 Nf4+ 31. Kh2 e4 32. Rc1 Rcd8 0-1

[Event "Newcastle under Lyme"]
[Site "Newcastle under Lyme"]
[Date "2023.08.11"]
[Round "5"]
[White "Blackburn, Jonathan LB"]
[Black "Williamson, Roger G"]
[Result "0-1"]
[WhiteElo "2197"]
[BlackElo "2177"]
[PlyCount "98"]
[EventDate "2023.08.09"]
[EventType "tourn"]
[EventRounds "9"]
[EventCountry "ENG"]
[SourceTitle "CBM 215 Extra"]
[Source "ChessBase"]
[SourceDate "2023.09.30"]
[SourceVersion "1"]
[SourceVersionDate "2023.09.30"]
[SourceQuality "1"]

1. d4 e6 2. c4 f5 3. g3 Nf6 4. Bg2 c6 5. Nh3 d5 6. 0-0 Bd6 7. Bf4 Be7 8. Nd2 0-0 9. Qc2 h6 10. Bxb8 Rxb8 11. Nf4 Qe8 12. Nd3 Bd6 13. Nf3 g5 14. Nfe5 Nd7 15. f4 Nxe5 16. fxe5 Be7 17. b4 a6 18. a4 h5 19. e3 g4 20. Rfb1 Ra8 21. b5 dxc4 22. Qxc4 axb5 23. axb5 cxb5 24. Qb3 Ra4 25. Kf2 h4 26. Rxa4 bxa4 27. Qc4 a3 28. Bxb7 Qd7 29. Bc6 Qc7 30. Nf4 Qa5 31. Ng6 Bg5 32. Nf4 Bxf4 33. gxf4 Qd2+ 34. Qe2 Qxe2+ 35. Kxe2 Ba6+ 36. Kd2 a2 37. Ra1 Bc4 38. e4 fxe4 39. Ke3 Rb8 40. Bxe4 Rb2 41. f5 exf5 42. Bxf5 g3 43. hxg3 hxg3 44. Be4 g2 45. Rg1 Bf1 46. Bxg2 Bxg2 47. d5 Kf8 48. d6 Rb1 49. d7 Ke7 0-1

[Event "Harrogate 4NCL op-A 29th"]
[Site "Harrogate"]
[Date "2023.01.22"]
[Round "5"]
[White "Williamson, Roger G"]
[Black "Kryshtafor, Maksym"]
[Result "1-0"]
[WhiteElo "2205"]
[BlackElo "1342"]
[PlyCount "117"]
[EventDate "2023.01.20"]
[EventType "swiss"]
[EventRounds "5"]
[EventCountry "ENG"]
[SourceTitle "CBM 212 Extra"]
[Source "ChessBase"]
[SourceDate "2023.03.31"]
[SourceVersion "1"]
[SourceVersionDate "2023.03.31"]
[SourceQuality "1"]

1. e4 e5 2. Nf3 Nc6 3. Bb5 a6 4. Ba4 Nf6 5. 0-0 Nxe4 6. d4 b5 7. Bb3 d5 8. dxe5 Be6 9. Qe2 Nc5 10. Rd1 Nxb3 11. cxb3 Be7 12. Nc3 0-0 13. Be3 Bb4 14. Rac1 Bxc3 15. Rxc3 Ne7 16. Bc5 h6 17. Nd4 Re8 18. Bxe7 Qxe7 19. Rdc1 Rac8 20. Nc6 Qg5 21. Qe3 Qg4 22. f3 Qh4 23. Qd4 Qg5 24. f4 Qg6 25. Qf2 Qe4 26. Re1 Qg6 27. b4 Bf5 28. Nd4 Bd7 29. f5 Qb6 30. Rc5 Rcd8 31. e6 fxe6 32. fxe6 Bxe6 33. Rc6 Qb7 34. Rcxe6 Rf8 35. Qe3 a5 36. Re7 Qb6 37. Ne6 Qxe3+ 38. Rxe3 d4 39. Rg3 g5 40. Nxd8 Rxd8 41. Rd3 c6 42. Re4 axb4 43. Rexd4 Rxd4 44. Rxd4 c5 45. Rd5 c4 46. Rxb5 c3 47. Rxb4 c2 48. Rc4 c1Q+ 49. Rxc1 Kf7 50. Rc6 h5 51. a4 g4 52. a5 g3 53. a6 gxh2+ 54. Kxh2 h4 55. a7 h3 56. g4 Ke7 57. a8Q Kd7 58. Qb7+ Kd8 59. Rc8# 1-0

[Event "Harrogate 4NCL op-A 29th"]
[Site "Harrogate"]
[Date "2023.01.21"]
[Round "3"]
[White "Williamson, Roger G"]
[Black "Longson, Sarah N"]
[Result "1/2-1/2"]
[WhiteElo "2205"]
[BlackElo "2030"]
[PlyCount "43"]
[EventDate "2023.01.20"]
[EventType "swiss"]
[EventRounds "5"]
[EventCountry "ENG"]
[SourceTitle "CBM 212 Extra"]
[Source "ChessBase"]
[SourceDate "2023.03.31"]
[SourceVersion "1"]
[SourceVersionDate "2023.03.31"]
[SourceQuality "1"]

1. e4 e5 2. Nc3 Nf6 3. f4 d5 4. fxe5 Nxe4 5. Nf3 Bc5 6. d4 Bb4 7. Bd2 Bg4 8. Nxe4 dxe4 9. Bxb4 exf3 10. gxf3 Qh4+ 11. Ke2 Nc6 12. Bc3 Bh5 13. Ke3 g5 14. Bb5 Qf4+ 15. Kf2 Qh4+ 16. Ke3 Qf4+ 17. Kf2 Qh4+ 18. Ke3 0-0-0 19. Bxc6 bxc6 20. Qd3 Qf4+ 21. Kf2 g4 22. Qe4 1/2-1/2

[Event "BCF-chT1d 1516 (4NCL) Demotion pool"]
[Site "England"]
[Date "2016.05.01"]
[Round "10.165"]
[White "Williamson, Roger G"]
[Black "Hansen, Hans Peter"]
[Result "1/2-1/2"]
[WhiteElo "2188"]
[BlackElo "2261"]
[PlyCount "34"]
[EventDate "2015.11.14"]
[EventType "team-tourn"]
[EventRounds "4"]
[EventCountry "ENG"]
[SourceTitle "EXT 2017"]
[Source "ChessBase"]
[SourceDate "2016.10.25"]
[SourceVersion "1"]
[SourceVersionDate "2016.10.25"]
[SourceQuality "1"]
[WhiteTeam "South Wales Dragons"]
[BlackTeam "Oxford"]
[WhiteTeamCountry "ENG"]
[BlackTeamCountry "ENG"]

1. d4 Nf6 2. c4 c5 3. Nf3 cxd4 4. Nxd4 e6 5. g3 Qc7 6. Nd2 Nc6 7. Nb5 Qb8 8. Bg2 a6 9. Nc3 b5 10. Bxc6 dxc6 11. 0-0 Be7 12. c5 0-0 13. Nde4 Nd5 14. Qc2 e5 15. Rd1 Be6 16. Ng5 Bxg5 17. Bxg5 f6 1/2-1/2

[Event "BCF-chT1b 1516 (4NCL)"]
[Site "England"]
[Date "2016.03.19"]
[Round "7.155"]
[White "Pert, Nicholas"]
[Black "Williamson, Roger G"]
[Result "1-0"]
[WhiteElo "2569"]
[BlackElo "2188"]
[PlyCount "91"]
[EventDate "2015.11.14"]
[EventType "team-swiss"]
[EventRounds "11"]
[EventCountry "ENG"]
[SourceTitle "CBM 171 Extra"]
[Source "ChessBase"]
[SourceDate "2016.04.26"]
[SourceVersion "1"]
[SourceVersionDate "2016.04.26"]
[SourceQuality "1"]
[WhiteTeam "Guildford"]
[BlackTeam "South Wales Dragons"]
[WhiteTeamCountry "ENG"]
[BlackTeamCountry "ENG"]

1. d4 d5 2. c4 e6 3. Nc3 Nf6 4. Nf3 Be7 5. cxd5 exd5 6. Bg5 c6 7. e3 0-0 8. Bd3 Nbd7 9. Qc2 Re8 10. 0-0 Nf8 11. Rab1 a5 12. a3 Be6 13. Rfc1 Ng6 14. b4 axb4 15. axb4 Nd7 16. Bxe7 Qxe7 17. b5 Bg4 18. Be2 Bxf3 19. Bxf3 Nh4 20. Ne2 Qg5 21. Ng3 Rac8 22. bxc6 bxc6 23. Be2 f5 24. Ba6 Rcd8 25. Bb7 Nb8 26. Bxc6 Nxc6 27. Qxc6 f4 28. exf4 Qxf4 29. Re1 Rf8 30. Qe6+ Kh8 31. Qe3 Qf7 32. f3 Qg6 33. Qf2 h6 34. Rb2 Rf6 35. Rbe2 Rdf8 36. Kh1 Nf5 37. Re5 Rd8 38. Nxf5 Rxf5 39. Qg3 Qh5 40. h3 Qf7 41. Re7 Qf6 42. R1e6 Qf8 43. Qe1 Qg8 44. Qh4 Qf8 45. Rxg7 Qxg7 46. Rxh6+ 1-0

[Event "London Classic op 7th"]
[Site "London"]
[Date "2015.12.09"]
[Round "7"]
[White "Lokander, Martin"]
[Black "Williamson, Roger G"]
[Result "1/2-1/2"]
[WhiteElo "2367"]
[BlackElo "2172"]
[PlyCount "41"]
[EventDate "2015.12.04"]
[EventType "swiss"]
[EventRounds "9"]
[EventCountry "ENG"]
[SourceTitle "CBM 169 Extra"]
[Source "ChessBase"]
[SourceDate "2015.12.18"]
[SourceVersion "1"]
[SourceVersionDate "2015.12.18"]
[SourceQuality "1"]

1. f4 Nf6 2. Nf3 g6 3. c4 Bg7 4. Nc3 d6 5. e4 0-0 6. d4 c5 7. d5 e6 8. dxe6 fxe6 9. Bd3 Nc6 10. 0-0 Nd4 11. Nxd4 cxd4 12. Nb5 e5 13. fxe5 dxe5 14. c5 Be6 15. Bg5 Qd7 16. Bxf6 Bxf6 17. Qc2 a5 18. Bc4 Bxc4 19. Qxc4+ Kg7 20. Nd6 b6 21. b3 1/2-1/2

[Event "London Classic op 7th"]
[Site "London"]
[Date "2015.12.06"]
[Round "4"]
[White "Williamson, Roger G"]
[Black "Sielicki, Tomasz"]
[Result "1-0"]
[WhiteElo "2172"]
[BlackElo "1948"]
[PlyCount "115"]
[EventDate "2015.12.04"]
[EventType "swiss"]
[EventRounds "9"]
[EventCountry "ENG"]
[SourceTitle "CBM 169 Extra"]
[Source "ChessBase"]
[SourceDate "2015.12.18"]
[SourceVersion "1"]
[SourceVersionDate "2015.12.18"]
[SourceQuality "1"]

1. d4 d6 2. c4 e5 3. d5 f5 4. e4 Nf6 5. exf5 Bxf5 6. Nc3 Be7 7. Nge2 0-0 8. Ng3 Bg6 9. h4 c6 10. h5 Bf7 11. Nf5 cxd5 12. cxd5 Na6 13. h6 g6 14. Nxe7+ Qxe7 15. Bg5 Nc7 16. Bc4 Nce8 17. Qf3 e4 18. Qf4 Rc8 19. Bb3 Rxc3 20. bxc3 Bxd5 21. c4 Bc6 22. Rd1 a5 23. 0-0 a4 24. Bc2 Qe6 25. Rd4 Ng4 26. Qg3 Qf5 27. Be7 Rf7 28. Bxd6 Nxd6 29. Rxd6 Nxh6 30. Rd8+ Kg7 31. Qc3+ Rf6 32. Rd6 Ng4 33. Rxf6 Nxf6 34. Qd4 Kh6 35. Qe3+ Kg7 36. Qd4 Kh6 37. f3 Qg5 38. fxe4 Ng4 39. Rf3 Qc1+ 40. Qd1 Qxd1+ 41. Bxd1 Ne5 42. Rc3 Kg5 43. g3 h5 44. Kf2 Ng4+ 45. Bxg4 Kxg4 46. Re3 h4 47. gxh4 Kxh4 48. e5 Kg5 49. e6 Kf6 50. e7 Kf7 51. Re5 Be8 52. Ke3 Kf6 53. Kd4 g5 54. Kd5 g4 55. Kd6 g3 56. Re3 g2 57. Rg3 Bc6 58. Rxg2 1-0

[Event "BCF-chT1b 1516 (4NCL)"]
[Site "England"]
[Date "2015.11.15"]
[Round "2.185"]
[White "Webb, Matthew"]
[Black "Williamson, Roger G"]
[Result "1-0"]
[WhiteElo "2208"]
[BlackElo "2188"]
[PlyCount "71"]
[EventDate "2015.11.14"]
[EventType "team-swiss"]
[EventRounds "11"]
[EventCountry "ENG"]
[SourceTitle "CBM 169 Extra"]
[Source "ChessBase"]
[SourceDate "2015.12.18"]
[SourceVersion "1"]
[SourceVersionDate "2015.12.18"]
[SourceQuality "1"]
[WhiteTeam "White Rose"]
[BlackTeam "South Wales Dragons"]
[WhiteTeamCountry "ENG"]
[BlackTeamCountry "ENG"]

1. e4 e5 2. f4 Bc5 3. Nf3 d6 4. Nc3 Nc6 5. Bc4 Bg4 6. Na4 exf4 7. b4 Qf6 8. Bb2 Bd4 9. c3 Bxf3 10. Qxf3 Ne5 11. Qe2 Qh4+ 12. g3 fxg3 13. 0-0-0 Bb6 14. hxg3 Qg4 15. d4 Qg5+ 16. Kb1 Nxc4 17. Qxc4 Nf6 18. Nxb6 cxb6 19. e5 Qf5+ 20. Ka1 Ng4 21. Rdf1 Qd7 22. exd6 0-0 23. Qd3 f5 24. c4 Qxd6 25. Rxf5 g6 26. Rxf8+ Rxf8 27. d5 Rf5 28. Re1 Qxb4 29. Qe4 Rf7 30. a3 Qd2 31. Qe8+ Rf8 32. Qe6+ Rf7 33. Rf1 Nf2 34. d6 g5 35. Qe5 Qxb2+ 36. Qxb2 1-0

[Event "Blackpool op 39th"]
[Site "Blackpool"]
[Date "2015.03.07"]
[Round "2"]
[White "Peacock, Malcolm R"]
[Black "Williamson, Roger G"]
[Result "0-1"]
[WhiteElo "2123"]
[BlackElo "2184"]
[PlyCount "48"]
[EventDate "2015.03.06"]
[EventType "swiss"]
[EventRounds "5"]
[EventCountry "ENG"]
[SourceTitle "CBM 165 Extra"]
[Source "ChessBase"]
[SourceDate "2015.04.21"]
[SourceVersion "1"]
[SourceVersionDate "2015.04.21"]
[SourceQuality "1"]

1. c4 e5 2. g3 Nf6 3. Bg2 h6 4. e4 Nc6 5. Ne2 Bc5 6. 0-0 d6 7. h3 Be6 8. d3 Qd7 9. Kh2 h5 10. f3 Ng8 11. Nbc3 Nge7 12. Nd5 Nd4 13. Nxe7 Qxe7 14. f4 Bg4 15. Qa4+ b5 16. Qa6 Bxe2 17. Be3 0-0 18. Rf2 Bxd3 19. Rd1 Bxc4 20. f5 f6 21. b3 Bf7 22. Qa5 Nxb3 23. axb3 Bxe3 24. Re2 Bd4 0-1

[Event "London Classic op 6th"]
[Site "London"]
[Date "2014.12.13"]
[Round "6"]
[White "Praczukowski, Stanislaw"]
[Black "Williamson, Roger G"]
[Result "0-1"]
[WhiteElo "1962"]
[BlackElo "2160"]
[PlyCount "72"]
[EventDate "2014.12.08"]
[EventType "swiss"]
[EventRounds "9"]
[EventCountry "ENG"]
[SourceTitle "CBM 163 Extra"]
[Source "ChessBase"]
[SourceDate "2014.12.23"]
[SourceVersion "1"]
[SourceVersionDate "2014.12.23"]
[SourceQuality "1"]

1. d4 Nf6 2. c4 e5 3. dxe5 Ng4 4. Nf3 Nc6 5. Bf4 Bb4+ 6. Nbd2 Qe7 7. e3 Ngxe5 8. Be2 Nxf3+ 9. Bxf3 Ne5 10. Be2 0-0 11. a3 Bxd2+ 12. Qxd2 d6 13. 0-0 b6 14. Bg3 Bb7 15. f4 Nd7 16. Rae1 Nc5 17. Bd1 Ne4 18. Qd4 f5 19. Bc2 Qf7 20. Bxe4 Bxe4 21. Rc1 c5 22. Qxd6 Rad8 23. Qe5 Rd3 24. b4 Re8 25. Qb2 Red8 26. Qe2 Qe7 27. Qe1 R8d7 28. Bh4 Rd2 29. Rf3 Qd6 30. Rf2 Rd3 31. Ra2 h6 32. b5 Qg6 33. Qe2 Qe6 34. a4 Bb7 35. Bf2 Qe4 36. Qf1 Rd1 0-1

[Event "London Classic op 6th"]
[Site "London"]
[Date "2014.12.12"]
[Round "5"]
[White "Williamson, Roger G"]
[Black "Kiik, Kalle"]
[Result "0-1"]
[WhiteElo "2160"]
[BlackElo "2372"]
[PlyCount "90"]
[EventDate "2014.12.08"]
[EventType "swiss"]
[EventRounds "9"]
[EventCountry "ENG"]
[SourceTitle "CBM 163 Extra"]
[Source "ChessBase"]
[SourceDate "2014.12.23"]
[SourceVersion "1"]
[SourceVersionDate "2014.12.23"]
[SourceQuality "1"]

1. d4 d6 2. c4 e5 3. d5 g6 4. Nc3 Nd7 5. e4 a5 6. Be3 Bh6 7. Bxh6 Nxh6 8. Bd3 Nc5 9. Bc2 0-0 10. Qd2 Kg7 11. Nge2 f5 12. exf5 Bxf5 13. Bxf5 Rxf5 14. b3 Qh4 15. Ng3 Rf4 16. 0-0 Rd4 17. Qc2 Rf8 18. Nb5 Rdf4 19. f3 R8f7 20. Rae1 g5 21. Nh1 R4f6 22. Nf2 c6 23. Nc3 g4 24. Nce4 gxf3 25. Nxf6 Rxf6 26. g3 Qh5 27. dxc6 bxc6 28. Ne4 Nxe4 29. Rxe4 Ng4 30. h4 d5 31. cxd5 cxd5 32. Qc7+ Kg6 33. Rxg4+ Qxg4 34. Qxe5 Qe4 35. Qc3 d4 36. Qxa5 Qe3+ 37. Rf2 Rf5 38. Qb6+ Kh5 39. g4+ Kxg4 40. Qc7 Qe1+ 41. Rf1 Qg3+ 42. Qxg3+ Kxg3 43. Rd1 Rc5 44. Kh1 Rc2 45. Rg1+ Rg2 0-1

[Event "BCF-chT3 1314 (4NCL)"]
[Site "England"]
[Date "2014.03.22"]
[Round "7.115"]
[White "Williamson, Roger G"]
[Black "Peters, John A"]
[Result "1-0"]
[WhiteElo "2146"]
[BlackElo "2419"]
[PlyCount "115"]
[EventDate "2013.11.16"]
[EventType "team-swiss"]
[EventRounds "11"]
[EventCountry "ENG"]
[SourceTitle "EXT 2015"]
[Source "ChessBase"]
[SourceDate "2014.11.20"]
[SourceVersion "1"]
[SourceVersionDate "2014.11.20"]
[SourceQuality "1"]
[WhiteTeam "Ferry Cross the Maroczy"]
[BlackTeam "Iceni"]
[WhiteTeamCountry "ENG"]
[BlackTeamCountry "ENG"]

1. d4 Nf6 2. c4 e6 3. Nc3 d5 4. Bg5 Be7 5. Nf3 Nbd7 6. e3 0-0 7. Rc1 c6 8. Bd3 dxc4 9. Bxc4 b5 10. Bd3 Bb7 11. 0-0 a6 12. a4 Nd5 13. Bxe7 Qxe7 14. Ne4 f6 15. Nc5 Nxc5 16. Rxc5 Rad8 17. Qd2 e5 18. Qc2 g6 19. Be4 Kg7 20. dxe5 fxe5 21. Rc1 Rf6 22. Bxd5 Rxd5 23. Rxd5 cxd5 24. Qc7 Qxc7 25. Rxc7+ Rf7 26. Rxf7+ Kxf7 27. Nxe5+ Ke7 28. axb5 axb5 29. Nf3 b4 30. Nd4 Kd6 31. h4 Ba6 32. f3 Bd3 33. Kf2 Bb1 34. Ke2 h6 35. g4 Ba2 36. Kd2 Bc4 37. f4 Ke7 38. Nc6+ Kf6 39. Nxb4 g5 40. hxg5+ hxg5 41. Kc3 gxf4 42. exf4 Ke6 43. Nd3 Bb5 44. Kd4 Bc4 45. b3 Bb5 46. Nb4 Be2 47. g5 Bd1 48. Nxd5 Bxb3 49. Ne3 Ba4 50. f5+ Kf7 51. Ke5 Bd7 52. Nd5 Kg7 53. Nf4 Kf7 54. f6 Kg8 55. g6 Be8 56. Kf5 Bd7+ 57. Kg5 Be8 58. Ne6 1-0

[Event "Hampstead op U2200 06"]
[Site "Hampstead"]
[Date "2013.06.30"]
[Round "4"]
[White "Doci, Stefan"]
[Black "Williamson, Roger G"]
[Result "1-0"]
[WhiteElo "2059"]
[BlackElo "2149"]
[PlyCount "107"]
[EventDate "2013.06.29"]
[EventType "swiss"]
[EventRounds "5"]
[EventCountry "ENG"]
[SourceTitle "EXT 2014"]
[Source "ChessBase"]
[SourceDate "2013.11.20"]
[SourceVersion "1"]
[SourceVersionDate "2013.11.20"]
[SourceQuality "1"]

1. Nf3 Nf6 2. d4 c5 3. g3 e6 4. Bg2 d5 5. 0-0 Nc6 6. b3 Be7 7. Bb2 0-0 8. Nbd2 Re8 9. c4 Bd6 10. e3 b6 11. Ne5 Bb7 12. f4 cxd4 13. exd4 Rc8 14. Rc1 Qe7 15. g4 Bb4 16. g5 Ne4 17. Nxe4 dxe4 18. Bxe4 Nxe5 19. Bxb7 Qxb7 20. fxe5 Qe4 21. Qf3 Qg6 22. Qg2 Be7 23. h4 h6 24. gxh6 Qxh6 25. Rc3 f6 26. Bc1 Qxh4 27. Rg3 Rf8 28. Rxg7+ Kh8 29. Rf3 Rg8 30. Rh3 Qxh3 31. Qxh3+ Kxg7 32. Qxe6 Rce8 33. Kf1 Bd8 34. Qd7+ Re7 35. Qg4+ Kh8 36. Qe4 fxe5 37. dxe5 Re6 38. Qh1+ Kg7 39. Qh5 Rf8+ 40. Ke2 Rg6 41. Kd3 Re8 42. Ke4 Bf6 43. Bf4 Bd8 44. Bh6+ Kf7 45. Kf5 Ree6 46. Bd2 Kg7 47. Qh1 Bc7 48. Bf4 Re7 49. Qh5 Rf7+ 50. Ke4 Bd8 51. Qh3 Bc7 52. Bd2 Re7 53. Bc3 Rg5 54. Qh2 1-0

[Event "BCF-chT3 1213 (4NCL)"]
[Site "England"]
[Date "2013.05.05"]
[Round "10.10"]
[White "Smith, Patrick L"]
[Black "Williamson, Roger G"]
[Result "0-1"]
[WhiteElo "1795"]
[BlackElo "2148"]
[PlyCount "90"]
[EventDate "2012.11.03"]
[EventType "team-swiss"]
[EventRounds "11"]
[EventCountry "ENG"]
[SourceTitle "EXT 2014"]
[Source "ChessBase"]
[SourceDate "2013.11.20"]
[SourceVersion "1"]
[SourceVersionDate "2013.11.20"]
[SourceQuality "1"]
[WhiteTeam "KJCA Knights"]
[BlackTeam "Aigburth"]
[WhiteTeamCountry "ENG"]
[BlackTeamCountry "ENG"]

1. e4 e5 2. Bc4 Nc6 3. Nc3 Nf6 4. d3 Bb4 5. Nge2 d5 6. exd5 Nxd5 7. 0-0 Nb6 8. Bb5 0-0 9. a3 Be7 10. Bxc6 bxc6 11. f4 exf4 12. Nxf4 Rb8 13. Ne4 Nd5 14. b4 f5 15. Ng3 Bf6 16. Nxd5 Bxa1 17. Nf4 Be5 18. c3 Qh4 19. Qb3+ Kh8 20. Qc4 Qf6 21. d4 Bd6 22. Qe2 Bd7 23. Nd3 Rbe8 24. Qf3 g5 25. Nc5 Bxc5 26. dxc5 f4 27. Ne2 Qg6 28. c4 Kg8 29. Nd4 g4 30. Qc3 Qe4 31. Qd2 Qe3+ 32. Qxe3 fxe3 33. Rxf8+ Kxf8 34. Kf1 Re4 35. Bb2 g3 36. h3 e2+ 37. Nxe2 Rxc4 38. Nxg3 Rc2 39. Be5 Be6 40. Bxc7 Bd5 41. Ne2 Bc4 42. Bd6+ Kf7 43. a4 Rxe2 44. b5 cxb5 45. c6 Re6+ 0-1

[Event "BCF-chT3 1213 (4NCL)"]
[Site "England"]
[Date "2013.03.24"]
[Round "8.215"]
[White "Stille, Alexander"]
[Black "Williamson, Roger G"]
[Result "1/2-1/2"]
[WhiteElo "2071"]
[BlackElo "2148"]
[PlyCount "81"]
[EventDate "2012.11.03"]
[EventType "team-swiss"]
[EventRounds "11"]
[EventCountry "ENG"]
[SourceTitle "EXT 2014"]
[Source "ChessBase"]
[SourceDate "2013.11.20"]
[SourceVersion "1"]
[SourceVersionDate "2013.11.20"]
[SourceQuality "1"]
[WhiteTeam "BCM Hippos III"]
[BlackTeam "Aigburth"]
[WhiteTeamCountry "ENG"]
[BlackTeamCountry "ENG"]

1. d4 Nf6 2. c4 c5 3. d5 e6 4. Nc3 exd5 5. cxd5 d6 6. g3 g6 7. Bg2 Bg7 8. Nf3 0-0 9. 0-0 Re8 10. Bf4 a6 11. a4 Qc7 12. Nd2 Nh5 13. Bg5 Nd7 14. Nc4 Ne5 15. Nxe5 Rxe5 16. Qd2 f5 17. Bf3 Nf6 18. Bf4 Re8 19. Rac1 Bd7 20. b4 b6 21. a5 c4 22. axb6 Qxb6 23. Be3 Rxe3 24. Qxe3 Qxe3 25. fxe3 Bh6 26. Nd1 Bb5 27. Rc3 Re8 28. Kf2 Nd7 29. Nb2 Bg7 30. Rc2 Nb6 31. Rfc1 Rc8 32. e4 fxe4 33. Bxe4 Bh6 34. e3 Kg7 35. h4 Kf6 36. g4 Ke5 37. Bf3 g5 38. Nd3+ Kf6 39. hxg5+ Bxg5 40. Nf4 Ke5 41. Nd3+ 1/2-1/2

[Event "BCF-chT3 1213 (4NCL)"]
[Site "England"]
[Date "2013.03.24"]
[Round "9.90"]
[White "Terry, Sean"]
[Black "Williamson, Roger G"]
[Result "1/2-1/2"]
[WhiteElo "1908"]
[BlackElo "2148"]
[PlyCount "58"]
[EventDate "2012.11.03"]
[EventType "team-swiss"]
[EventRounds "11"]
[EventCountry "ENG"]
[SourceTitle "EXT 2014"]
[Source "ChessBase"]
[SourceDate "2013.11.20"]
[SourceVersion "1"]
[SourceVersionDate "2013.11.20"]
[SourceQuality "1"]
[WhiteTeam "Oxford III"]
[BlackTeam "Aigburth"]
[WhiteTeamCountry "ENG"]
[BlackTeamCountry "ENG"]

1. e4 e5 2. Nf3 Nc6 3. Bb5 a6 4. Ba4 Nf6 5. d3 d6 6. c3 g6 7. Nbd2 Bg7 8. 0-0 0-0 9. b4 b5 10. Bb3 a5 11. bxa5 Nxa5 12. Bc2 Rb8 13. d4 exd4 14. Nxd4 c5 15. Ne2 Re8 16. f3 d5 17. Nb3 Nxb3 18. axb3 dxe4 19. Qxd8 Rxd8 20. fxe4 Ng4 21. h3 Ne5 22. Bf4 Be6 23. Rfd1 Rxd1+ 24. Bxd1 h6 25. Bc2 Rc8 26. Ra5 Bd7 27. Kf2 g5 28. Be3 c4 29. b4 Nd3+ 1/2-1/2

[Event "BCF-chT3 1213 (4NCL)"]
[Site "England"]
[Date "2013.03.23"]
[Round "7.235"]
[White "Williamson, Roger G"]
[Black "Jackson, Gary"]
[Result "1-0"]
[WhiteElo "2148"]
[BlackElo "1901"]
[PlyCount "39"]
[EventDate "2012.11.03"]
[EventType "team-swiss"]
[EventRounds "11"]
[EventCountry "ENG"]
[SourceTitle "EXT 2014"]
[Source "ChessBase"]
[SourceDate "2013.11.20"]
[SourceVersion "1"]
[SourceVersionDate "2013.11.20"]
[SourceQuality "1"]
[WhiteTeam "Aigburth"]
[BlackTeam "Banbury Bulldogs"]
[WhiteTeamCountry "ENG"]
[BlackTeamCountry "ENG"]

1. e4 c5 2. Nf3 d6 3. d4 cxd4 4. Nxd4 Nf6 5. Nc3 g6 6. Bg5 Bg7 7. Bb5+ Bd7 8. Qe2 Nc6 9. 0-0-0 Rc8 10. Rhe1 h6 11. Bh4 a6 12. Bxc6 bxc6 13. e5 dxe5 14. Qxe5 g5 15. Nf5 gxh4 16. Nxg7+ Kf8 17. Nh5 Rc7 18. Ne4 Rb7 19. Nexf6 exf6 20. Nxf6 1-0

[Event "Blackpool op 37th"]
[Site "Blackpool"]
[Date "2013.03.09"]
[Round "3"]
[White "Hawkins, Jonathan J"]
[Black "Williamson, Roger G"]
[Result "1-0"]
[WhiteElo "2503"]
[BlackElo "2148"]
[PlyCount "55"]
[EventDate "2013.03.08"]
[EventType "swiss"]
[EventRounds "5"]
[EventCountry "ENG"]
[SourceTitle "CBM 153 Extra"]
[Source "ChessBase"]
[SourceDate "2013.04.22"]
[SourceVersion "1"]
[SourceVersionDate "2013.04.22"]
[SourceQuality "1"]

1. Nf3 Nf6 2. c4 e6 3. g3 d5 4. d4 c5 5. Bg2 Nc6 6. 0-0 Be7 7. dxc5 dxc4 8. Qxd8+ Bxd8 9. Na3 Be7 10. Nxc4 Bxc5 11. Nfe5 Nxe5 12. Nxe5 0-0 13. Rd1 Be7 14. Be3 Nd5 15. Bd4 Rd8 16. Rac1 f6 17. Nd3 Kf7 18. Bc5 Nb6 19. b3 Rb8 20. a4 Bd7 21. Bxe7 Kxe7 22. a5 Na8 23. Nc5 b6 24. axb6 axb6 25. Nxd7 Rxd7 26. Rxd7+ Kxd7 27. Rd1+ Kc7 28. Ra1 1-0